Faktory a predpoklady úspešnej generačnej výmeny v rodinných podnikoch metodická príručka
Salvato in:
| Autore principale: | |
|---|---|
| Altri autori: | |
| Natura: | Libro |
| Lingua: | slovacco |
| Pubblicazione: |
Nitra
Slovenská poľnohospodárska univerzita v Nitre
2023
|
| Edizione: | 1. vydanie |
| Soggetti: | |
| Tags: |
Nessun Tag, puoi essere il primo ad aggiungerne!!
|
MARC
| LEADER | 00000nam a2200000 4500 | ||
|---|---|---|---|
| 001 | 0315100 | ||
| 005 | 20260313123725.1 | ||
| 020 | |a 978-80-552-2692-7 | ||
| 041 | 0 | |a slo | |
| 044 | |a SK | ||
| 245 | 1 | 0 | |a Faktory a predpoklady úspešnej generačnej výmeny v rodinných podnikoch |b metodická príručka |c Zuzana Lušňáková, Zuzana Juríčková |
| 250 | |a 1. vydanie | ||
| 264 | 1 | |a Nitra |b Slovenská poľnohospodárska univerzita v Nitre |c 2023 | |
| 300 | |a 35 s. | ||
| 610 | 2 | 0 | |a podnikanie rodinné |
| 610 | 2 | 0 | |a podnik rodinný |
| 610 | 2 | 0 | |a štruktúra podniku organizačná |
| 100 | 1 | |a Lušňáková, Zuzana | |
| 700 | 1 | |a Juríčková, Zuzana | |